000 01050nam a2200277Ia 4500
003 OSt
005 20221005103422.0
006 a|||||r|||| 00| 0
007 ta
008 221004b |||||||| |||| 00| 0 hin d
020 _a9789381305010 (hbk)
_cIndian Rupees 450
024 _a39039
037 _bGift, 04/09/2018,
_cTextual
040 _aCRL
_cCRL
_bhin
041 _2hin
_ahin
082 _aV2:51wN, 152Q4
100 _aनागोरी, जीतेश, ले.
245 0 _aभारत के स्वतंत्रता सेनानी
246 _aBhārat ke svatantratā senānī
260 _aजयपुर
_bनेशनल पब्लिकेशन्स भारत
_c2014
300 _a238पृ0
_ccm.
650 _a भारतीय स्वतंत्रता सेनानी
_9156352
650 _aभारत-इतिहास
_9156353
942 _hV2:51wN, 152Q4
_cTEXL
_2cc
999 _c1010051
_d1010051